Flora das cangas da Serra dos Carajás, Pará, Brasil: Cephaloziaceae (Registro n. 331312)
[ somente texto ]
| 000 -LÍDER | |
|---|---|
| fixed length control field | 01642nab a2200241 i 4500 |
| 003 - CÓDIGO MARC DA AGÊNCIA CATALOGADORA | |
| Campo de controle | BR-BrBNA |
| 005 - DATA E HORA DA ÚLTIMA ATUALIZAÇÃO | |
| Campo de controle | 20250505124630.0 |
| 008 - CAMPO DE TAMANHO FIXO | |
| fixed length control field | 250505b2017 bl.qr|pooa||| 00| 0 por | |
| 040 ## - FONTE DA CATALOGAÇÃO | |
| Agência catalogadora | BR-BrBNA |
| Idioma da catalogação | por |
| 072 ## - CATEGORIA AGRIS | |
| Código AGRIS | F70 |
| 100 ## - ENTRADA PRINCIPAL - NOME PESSOAL | |
| Nome pessoal | Ilkiu-Borges, Anna Luiza |
| 100 ## - ENTRADA PRINCIPAL - NOME PESSOAL | |
| Nome pessoal | Oliveira-da-Silva, Fúvio Rubens |
| 245 ## - TÍTULO PRINCIPAL | |
| Título principal | Flora das cangas da Serra dos Carajás, Pará, Brasil: Cephaloziaceae |
| 500 ## - NOTA GERAL | |
| Nota geral | Publicação on-line; 3 ref.; 1 illus.; Summaries (En, Pt) |
| 942 ## - ADDED ENTRY ELEMENTS (KOHA) | |
| Koha item type | Analítica |
| 520 ## - NOTA DE RESUMO | |
| Nota de conteúdo | <br/><br/>Resumo<br/><br/>Este estudo representa um tratamento para Cephaloziaceae registrada nas áreas de canga na Serra dos Carajás,<br/>no estado do Pará, incluindo a descrição detalhada, ilustração e comentários morfológicos sobre a espécie<br/>Odontoschisma variabile, única registrada na área de estudo.<br/><br/>Palavras-chave: Brioflora, FLONA Carajás, hepáticas, taxonomia.<br/><br/><br/><br/><br/><br/>Abstract<br/><br/>This study represents a treatment for Cephaloziaceae recorded in the areas of cangas in Serra dos Carajás, Pará<br/>state, including a detailed description, illustration and morphologic comment on the species Odontoschisma<br/>variabile, the only one recorded in the study area.<br/><br/>Key words: Bryoflora, FLONA Carajás, liverworts, taxonomy |
| 650 ## - ASSUNTO - THESAGRO | |
| Cabeçalho tópico ou nome geográfico | CARAJÁS |
| 650 ## - ASSUNTO - THESAGRO | |
| Cabeçalho tópico ou nome geográfico | TAXONOMIA |
| 650 ## - ASSUNTO - THESAGRO | |
| Cabeçalho tópico ou nome geográfico | ESPÉCIE |
| 773 0# - ENTRADA ANALÍTICA | |
| Host Biblionumber | 709 |
| Registro do item | 350025 |
| Imprenta | Rio de Janeiro-RJ Jardim Botanico do Rio de Janeiro 1935 |
| Outro identificador | 2025-2634 |
| Título | Rodriguésia (Brazil) |
| ISSN | 0370-6583; 2175-7860 on-line |
| Colação | v. 68(3 special number) p. 803-805; (2017) |
| Número de controle de registro | BR2025000820 |
| 856 ## - ACESSO E ENDEREÇO ELETRÔNICO | |
| Identificador uniforme de recurso - URI | https://www.scielo.br/j/rod/a/ptzkD8KfNmQSgTxYHhwH8Jt/?format=pdf&lang=pt |
Nenhum exemplar disponível.

BINAGRI